000 00642nam a22001937a 4500
999 _c157143
_d157143
005 20180918113329.0
010 _aENG-123987
020 _a9780199480654
_c1495.00
035 _aEN-107519
037 _bDBAD/PUB
082 _a378.54
245 _aThe future of indian universities :
_ced. by C. Raj Kumar
_bcomparative and international perspectives /
260 _aNew Delhi
_bOxford University Press
_c2017
270 _bNew Delhi
_e110002
_a2/11 Ground Floor, Ansari Road, Daryaganj,
300 _axxxiv,482p
_c22cm.(Hb.)
500 _aIt includes index
700 _a Raj Kumar, C.
942 _2ddc
_cEN
_h378.54
_mFUR